01674nam a2200337 a 4500001001200000003000800012006001900020007001500039008004100054015001500095020001500110040002100125035002100146050002300167082001200190245028300202260010400485300002400589500017400613504004100787533015200828650003300980650003501013650004801048655002901096700003001125700001901155710001701174856012601191999001901317ebr10201246CaPaEBRm u cr cn|||||||||030911s2002 enka sb 110 0 eng d aGBA2-53170 z1860943195 aCaPaEBRcCaPaEBR a(OCoLC)18122144614aQC138b.I54 2002eb04a53222200aInterfaces for the 21st centuryh[electronic resource] :bnew research directions in fluid mechanics and materials science : a collection of research papers dedicated to Steven [i.e. Stephen] H. Davis in commemoration of his 60th birthday /ceditors, Marc K. Smith ... [et al.]. aLondon :bImperial College Press ;aRiver Edge, NJ :bDistributed by World Scientific Pub.,cc2002. axii, 317 p. :bill. aOral presentations and abstracts of contributed posters from the conference, "Interfaces for the Twenty-first century", held August 16-18, 1999, in Monterey, California. aIncludes bibliographical references. aElectronic reproduction.bPalo Alto, Calif. :cebrary,d2013.nAvailable via World Wide Web.nAccess may be limited to ebrary affiliated libraries. 0aFluid mechanicsvCongresses. 0aMaterials sciencevCongresses. 0aInterfaces (Physical sciences)vCongresses. 7aElectronic books.2local1 aDavis, Stephen H.,d1939-1 aSmith, Marc K.2 aebrary, Inc.40uhttp://site.ebrary.com/lib/rucke/Doc?id=10201246zAn electronic book accessible through the World Wide Web; click to view c119549d119549